Mathematical methods of statistics / (Record no. 51619)
[ view plain ]
| 000 -LEADER | |
|---|---|
| fixed length control field | 00783nam a2200241 a 4500 |
| 001 - CONTROL NUMBER | |
| control field | 51619 |
| 003 - CONTROL NUMBER IDENTIFIER | |
| rucl marc code | BD-RjUL |
| 005 - DATE AND TIME OF LATEST TRANSACTION | |
| control field | 20211209075705.0 |
| 008 - FIXED-LENGTH DATA ELEMENTS--GENERAL INFORMATION | |
| fixed length control field | 160831r19631946njua b 000 0 eng c |
| 035 ## - SYSTEM CONTROL NUMBER | |
| System control number | (BD-RjUL)51739 |
| 040 ## - CATALOGING SOURCE | |
| Original cataloging agency | Princeton Univ. Libr./ICU |
| Transcribing agency | ICU |
| Language of cataloging | eng |
| Modifying agency | BD-RjUL |
| 041 ## - LANGUAGE CODE | |
| Language code of text/sound track or separate title | eng |
| 082 ## - DEWEY DECIMAL CLASSIFICATION NUMBER | |
| Edition number | 23 |
| Classification number | 519.5 |
| Author mark and year | CRM 1963 |
| 100 1# - MAIN ENTRY--PERSONAL NAME | |
| Personal name | Cramér, Harald, |
| Dates associated with a name | 1893-1985. |
| 9 (RLIN) | 154304 |
| 245 10 - TITLE STATEMENT | |
| Title | Mathematical methods of statistics / |
| Statement of responsibility, etc. | by Harald Cramér |
| 260 ## - PUBLICATION, DISTRIBUTION, ETC. (IMPRINT) | |
| Place of publication, distribution, etc. | Princeton : |
| Name of publisher, distributor, etc. | Princeton university press, |
| Date of publication, distribution, etc. | 1946 [printing 1961,1963] |
| 300 ## - PHYSICAL DESCRIPTION | |
| Pagination | xvi, 575 p. : |
| Illustrations | ill. ; |
| Size | 24 cm. |
| 490 1# - SERIES STATEMENT | |
| Series statement | Princeton mathematical series |
| 500 ## - GENERAL NOTE | |
| General note | Includes Index |
| 650 #0 - SUBJECT ADDED ENTRY--TOPICAL TERM | |
| Topical term or geographic name as entry element | Mathematical statistics. |
| 9 (RLIN) | 154305 |
| 830 #0 - SERIES ADDED ENTRY--UNIFORM TITLE | |
| Uniform title | Princeton mathematical series |
| 942 ## - ADDED ENTRY ELEMENTS (KOHA) | |
| Source of classification or shelving scheme | Dewey Decimal Classification |
| Koha item type | Books |
| Lost status | Source of classification or shelving scheme | Damaged status | Not for loan | Collection code | Permanent Location | Current Location | Shelving location | Date acquired | Source of acquisition | Cost, normal purchase price | Total Checkouts | Full call number | Date last seen | Copy number | Koha item type |
|---|---|---|---|---|---|---|---|---|---|---|---|---|---|---|---|
| Dewey Decimal Classification | Non-fiction | Central Library, University of Rajshahi | Central Library, University of Rajshahi | 17/11/1965 | Zeit | 80.00 | 519.5 CRM 1963 | 31/08/2016 | C-2 | Books | |||||
| Dewey Decimal Classification | Non-fiction | Central Library, University of Rajshahi | Central Library, University of Rajshahi | 17/11/1965 | Zeit | 80.00 | 519.5 CRM 1963 | 31/08/2016 | C-3 | Books | |||||
| Dewey Decimal Classification | Non-fiction | Central Library, University of Rajshahi | Central Library, University of Rajshahi | 17/11/1965 | Zeit | 80.00 | 519.5 CRM 1963 | 31/08/2016 | C-4 | Books | |||||
| Dewey Decimal Classification | Non-fiction | Central Library, University of Rajshahi | Central Library, University of Rajshahi | 17/11/1965 | Zeitlinger | 80.00 | 519.5 CRM 1963 | 04/09/2016 | C-5 | Books | |||||
| Dewey Decimal Classification | Non-fiction | Central Library, University of Rajshahi | Central Library, University of Rajshahi | 26/01/1963 | Zeitlinger | 52.00 | 519.5 CRM 1961 | 04/09/2016 | C-6 | Books | |||||
| Dewey Decimal Classification | Non-fiction | Central Library, University of Rajshahi | Central Library, University of Rajshahi | 04/02/1963 | Zeitlinger | 52.00 | 519.5 CRM 1961 | 04/09/2016 | C-7 | Books | |||||
| Dewey Decimal Classification | Non-fiction | Central Library, University of Rajshahi | Central Library, University of Rajshahi | 05/05/1965 | Euro Pak | 25.00 | 519.5 CRM 1962 | 04/09/2016 | C-8 | Books |